Legal translation explained

Uloženo v:
Podrobná bibliografie
Hlavní autoři: Alcaraz Varó, Enrique (Autor), Hughes, Brian (Autor)
Médium: Kniha
Jazyk:angličtina
Vydáno: Londres Routledge Taylor and Francis Group 2002
Vydání:1a. ed
Edice:Translation Practices Explained, 4
Témata:
Tagy: Přidat tag
Žádné tagy, Buďte první, kdo vytvoří štítek k tomuto záznamu!

MARC

LEADER 00000cam a2200000 a 4500
001 UCD6744
003 CL-VaPUC
008 170113e20020000uk |||||||||||||||||eng|d
020 |a 1900650460 
082 0 4 |a 418.02  |b ALC  |2 21 
100 0 |a Alcaraz Varó, Enrique  |e author  |9 590550 
700 0 |a Hughes, Brian  |e author  |9 590551 
245 1 0 |a Legal translation explained 
250 |a 1a. ed 
300 |a 204 p 
942 |c BK 
945 |d 20170113 07:29:00  |a arojas 
260 |a Londres  |b Routledge Taylor and Francis Group  |c 2002 
650 0 |a Traducción e interpretación  |9 315998 
583 |a last modification  |c 20170113 07:29:00  |k Rodrigo Vera 
490 0 |a Translation Practices Explained, 4 
999 |c 366932  |d 366930 
952 |0 0  |1 0  |3 erb  |4 0  |6 418_020000000000000_ALC_2002  |7 0  |8 A  |9 481581  |a BIBEDU  |b BIBEDU  |i 5359481  |l 1  |m 2  |o 418.02 ALC 2002  |p 5359481  |r 2023-09-04  |s 2023-08-04  |w 2019-11-24  |y BK  |z Catalogado en:20170113  |k CIT